Score 0/8 Timer 01:00
5 Plays Today
Clue 4-Letter Word % Correct
Perceive aurallyHEAR
95.8%
Miami hoopstersHEAT
95%
A small shipBOAT
95%
Large mammal with shaggy furBEAR
93.3%
Shoe reaching to the ankleBOOT
92.5%
Ginger or radish, e.g.ROOT
90.6%
Bud or Coors, e.g.BEER
90.4%
Strike rapidlyBEAT
90.1%

Today's Daily Dose

Missing Word
Train Books

Word Ladder
Piano Man

Quick Pick
Google Products

Get the Picture
Moana or Coco

Remove Ads.
Support Sporcle.
Get the best of Sporcle when you Go Orange. This ad-free experience offers more features, more stats, and more fun while also helping to support Sporcle. Thank you for becoming a member.

You're not logged in!

Compare scores with friends on all Sporcle quizzes.
OR
Log In

Show Comments

Extras

Top Quizzes Today


Score Distribution

Your Account Isn't Verified!

In order to create a playlist on Sporcle, you need to verify the email address you used during registration. Go to your Sporcle Settings to finish the process.

Report this User

Report this user for behavior that violates our Community Guidelines.

Details: